| 000 | 00844nam a22002417a 4500 | ||
|---|---|---|---|
| 001 | 7915 | ||
| 003 | FISKH | ||
| 005 | 20250813154958.0 | ||
| 008 | 250813b cb ||||| |||| 00| 0 eng d | ||
| 020 | _a9781426313226 | ||
| 040 |
_aFISKH _beng _cFISKH _dFISKH |
||
| 050 | _aQL336 .J678 | ||
| 082 | _a591.96 | ||
| 100 | _aJoubert, Beverly | ||
| 245 |
_aAfrican animal alphabet : _bNational Geographic little kids / _cBeverly Joubert and Dereck Joubert |
||
| 260 |
_aWashington : _bNational Geography Society, _c2011. |
||
| 300 |
_a48 pages : _bcolor illustrations ; _c23 cm |
||
| 520 | _aPresents alphabetically arranged entries describing animals that live in Africa, including cheetahs, elephants, lions, and zebras. | ||
| 650 |
_aAfrica _vAlphabet |
||
| 700 |
_aJoubert, Dereck _eillustrator |
||
| 942 |
_2ddc _cBK _n0 |
||
| 999 |
_c7915 _d7915 |
||